Colleges: MSNBC Hosts - Statistics

General Stats
  • This quiz has been taken 24 times
  • The average score is 8 of 19
Answer Stats
College Host % Correct
Lawrence O'Donnell Harvard
100%
Joy Reid Harvard
100%
Andrea Mitchell Pennsylvania
73%
Donny Deutsch Pennsylvania
73%
Chris Hayes Brown
64%
Ari Melber Michigan / Cornell
59%
Rachel Maddow Oxford / Stanford
59%
Nicolle Wallace Northwestern / California
50%
Chris Matthews UNC / Holy Cross
50%
Joe Scarborough Alabama / Florida
45%
Willie Geist Vanderbilt
27%
Chuck Todd George Washington
23%
Kasie Hunt George Washington / St. John's College, Cambridge
23%
Steve Kornacki College of Communication / Boston University
18%
Mika Brzezinski Williams College
14%
Stephanie Ruhle Lehigh
0%
Ali Velshi Queen's University
0%
Alex Witt Southern California
0%
Craig Melvin Wofford
0%
No matching quizzes found
Score Distribution
Percent of People with Each Score
Percentile by Number Answered
Your Score History
You have not taken this quiz